Príncipe y mendigo /
Guardado en:
| Autor Principal: | |
|---|---|
| Otros Autores: | , |
| Formato: | Libro |
| Publicado: |
Buenos Aires :
Letra Impresa,
2015.
|
| Series: | La Puerta Secreta ;
7 |
| Materias: | |
| Etiquetas: |
Agregar Etiqueta
Sin Etiquetas, Sea el primero en etiquetar este registro!
|
| LEADER | 00942nam a22002535a 4500 | ||
|---|---|---|---|
| 001 | CEM.cems019718 | ||
| 008 | 221012s2015####ag############000#0#####d | ||
| 005 | 20221012102148.0 | ||
| 245 | 1 | 0 | |a Príncipe y mendigo / |c Mark Twain ; traducido por Elsa Pizzi ; ilustrado por mEy!. |
| 260 | |a Buenos Aires : |b Letra Impresa, |c 2015. | ||
| 300 | |a 104 p. | ||
| 490 | 0 | |a La Puerta Secreta ; |v 7 | |
| 505 | 0 | |a La puerta secreta -- La llave maestra -- Príncipe y mendigo -- Los secretos de Príncipe y mendigo -- Nuevas puertas para abrir | |
| 020 | |a 9789871565733 | ||
| 100 | 1 | |a Twain, Mark. | |
| 700 | 1 | |a Pizzi, Elsa; trad. | |
| 700 | 1 | |a mEy!; il. | |
| 082 | 0 | 4 | |a 813.4 |
| 653 | |a Literatura infantil | ||
| 653 | |a Literatura juvenil | ||
| 653 | |a Literatura Estadounidense | ||
| 653 | |a Novelas | ||
| 859 | |a CEMS |b BIB. CEMS - Inicial y Primaria |h 813.4 |i T911-1 |k IP |p 2435 |t Ej.1 | ||
| 859 | |a CEMS |b BIB. CEMS - Inicial y Primaria |h 813.4 |i T911-1 |k IP |p 3799 |t Ej.2 | ||
